<?xml version="1.0" encoding="UTF-8"?>
<record
    xmlns:xsi="http://www.w3.org/2001/XMLSchema-instance"
    xsi:schemaLocation="http://www.loc.gov/MARC21/slim http://www.loc.gov/standards/marcxml/schema/MARC21slim.xsd"
    xmlns="http://www.loc.gov/MARC21/slim">

  <leader>00703nam a2200217 a 4500</leader>
  <controlfield tag="001">3059</controlfield>
  <controlfield tag="003">CDMR</controlfield>
  <controlfield tag="005">20151104100601.0</controlfield>
  <controlfield tag="008">130130s2004||||||||||||||||||||||||||||d</controlfield>
  <datafield tag="020" ind1=" " ind2=" ">
    <subfield code="a">8493343420</subfield>
  </datafield>
  <datafield tag="040" ind1=" " ind2=" ">
    <subfield code="a">CDMR</subfield>
    <subfield code="b">cat</subfield>
    <subfield code="c">CPC GIRONA</subfield>
  </datafield>
  <datafield tag="100" ind1="1" ind2=" ">
    <subfield code="a">Domingo, David</subfield>
    <subfield code="9">2238</subfield>
  </datafield>
  <datafield tag="245" ind1="1" ind2="0">
    <subfield code="a">Periodisme digital a Catalunya</subfield>
    <subfield code="b">: radiografia de 445 webs informatius</subfield>
    <subfield code="c">David Domingo</subfield>
  </datafield>
  <datafield tag="260" ind1=" " ind2=" ">
    <subfield code="b">Col&#xB7;legi de Periodistes de Catalunya</subfield>
    <subfield code="a">Barcelona</subfield>
  </datafield>
  <datafield tag="260" ind1=" " ind2=" ">
    <subfield code="c">2004</subfield>
    <subfield code="b">Diputaci&#xF3; de Barcelona</subfield>
  </datafield>
  <datafield tag="490" ind1="0" ind2=" ">
    <subfield code="a">Ones i bits</subfield>
    <subfield code="v">5</subfield>
  </datafield>
  <datafield tag="650" ind1="0" ind2="4">
    <subfield code="9">4303</subfield>
    <subfield code="a">Adreces d'Internet</subfield>
    <subfield code="x">Directoris</subfield>
  </datafield>
  <datafield tag="650" ind1="0" ind2="4">
    <subfield code="9">3076</subfield>
    <subfield code="a">Periodisme digital</subfield>
    <subfield code="z">Catalunya</subfield>
  </datafield>
  <datafield tag="710" ind1="2" ind2=" ">
    <subfield code="9">133</subfield>
    <subfield code="a">Col&#xB7;legi de Periodistes de Catalunya</subfield>
  </datafield>
  <datafield tag="942" ind1=" " ind2=" ">
    <subfield code="c">MON</subfield>
    <subfield code="2">udc</subfield>
  </datafield>
  <datafield tag="999" ind1=" " ind2=" ">
    <subfield code="c">3059</subfield>
    <subfield code="d">3059</subfield>
  </datafield>
  <datafield tag="952" ind1=" " ind2=" ">
    <subfield code="0">0</subfield>
    <subfield code="1">0</subfield>
    <subfield code="4">0</subfield>
    <subfield code="7">0</subfield>
    <subfield code="a">LLEIDA</subfield>
    <subfield code="b">LLEIDA</subfield>
    <subfield code="d">2011-08-04</subfield>
    <subfield code="l">0</subfield>
    <subfield code="o">372COL</subfield>
    <subfield code="p">LLEIDA13119787</subfield>
    <subfield code="r">2013-01-16</subfield>
    <subfield code="w">2013-01-16</subfield>
    <subfield code="y">MON</subfield>
  </datafield>
  <datafield tag="952" ind1=" " ind2=" ">
    <subfield code="0">0</subfield>
    <subfield code="1">0</subfield>
    <subfield code="4">0</subfield>
    <subfield code="7">0</subfield>
    <subfield code="a">GIRONA</subfield>
    <subfield code="b">GIRONA</subfield>
    <subfield code="d">2010-12-03</subfield>
    <subfield code="l">0</subfield>
    <subfield code="o">Bg 284 (2)</subfield>
    <subfield code="p">GIRONA13119785</subfield>
    <subfield code="r">2013-01-16</subfield>
    <subfield code="w">2013-01-16</subfield>
    <subfield code="y">MON</subfield>
  </datafield>
  <datafield tag="952" ind1=" " ind2=" ">
    <subfield code="0">0</subfield>
    <subfield code="1">0</subfield>
    <subfield code="4">0</subfield>
    <subfield code="7">0</subfield>
    <subfield code="a">GIRONA</subfield>
    <subfield code="b">GIRONA</subfield>
    <subfield code="d">2010-12-03</subfield>
    <subfield code="l">0</subfield>
    <subfield code="o">Bg 284</subfield>
    <subfield code="p">GIRONA13119786</subfield>
    <subfield code="r">2013-01-16</subfield>
    <subfield code="w">2013-01-16</subfield>
    <subfield code="y">MON</subfield>
  </datafield>
  <datafield tag="952" ind1=" " ind2=" ">
    <subfield code="0">0</subfield>
    <subfield code="1">0</subfield>
    <subfield code="4">0</subfield>
    <subfield code="7">0</subfield>
    <subfield code="a">CDMR</subfield>
    <subfield code="b">CDMR</subfield>
    <subfield code="d">2013-01-16</subfield>
    <subfield code="l">0</subfield>
    <subfield code="o">Bg OB/5</subfield>
    <subfield code="p">CDMR1312613627</subfield>
    <subfield code="r">2013-01-16</subfield>
    <subfield code="w">2013-01-16</subfield>
    <subfield code="y">MON</subfield>
  </datafield>
  <datafield tag="952" ind1=" " ind2=" ">
    <subfield code="0">0</subfield>
    <subfield code="1">0</subfield>
    <subfield code="4">0</subfield>
    <subfield code="7">1</subfield>
    <subfield code="a">EBRE</subfield>
    <subfield code="b">EBRE</subfield>
    <subfield code="d">2015-05-21</subfield>
    <subfield code="e">Donaci&#xF3;</subfield>
    <subfield code="l">0</subfield>
    <subfield code="o">654.17.012 DOM</subfield>
    <subfield code="r">2015-05-27</subfield>
    <subfield code="w">2015-05-27</subfield>
    <subfield code="y">MON</subfield>
    <subfield code="z">Donaci&#xF3; a la biblioteca Marcel&#xB7;l&#xED; Domingo</subfield>
  </datafield>
  <datafield tag="952" ind1=" " ind2=" ">
    <subfield code="0">0</subfield>
    <subfield code="1">0</subfield>
    <subfield code="4">0</subfield>
    <subfield code="7">1</subfield>
    <subfield code="a">EBRE</subfield>
    <subfield code="b">EBRE</subfield>
    <subfield code="d">2015-05-21</subfield>
    <subfield code="e">Donaci&#xF3;</subfield>
    <subfield code="l">0</subfield>
    <subfield code="o">07 DOM     </subfield>
    <subfield code="r">2015-05-27</subfield>
    <subfield code="w">2015-05-27</subfield>
    <subfield code="y">MON</subfield>
    <subfield code="z">Donaci&#xF3; a la biblioteca Marcel&#xB7;l&#xED; Domingo</subfield>
  </datafield>
  <datafield tag="952" ind1=" " ind2=" ">
    <subfield code="0">0</subfield>
    <subfield code="1">0</subfield>
    <subfield code="4">0</subfield>
    <subfield code="7">1</subfield>
    <subfield code="a">EBRE</subfield>
    <subfield code="b">EBRE</subfield>
    <subfield code="d">2015-05-21</subfield>
    <subfield code="e">Donaci&#xF3;</subfield>
    <subfield code="l">0</subfield>
    <subfield code="o">07 DOM     </subfield>
    <subfield code="r">2015-05-27</subfield>
    <subfield code="w">2015-05-27</subfield>
    <subfield code="y">MON</subfield>
    <subfield code="z">Donaci&#xF3; a la biblioteca Marcel&#xB7;l&#xED; Domingo</subfield>
  </datafield>
</record>
